Henry and Mudge under the yellow moon : (Record no. 33511)
[ view plain ]
| 000 -LEADER | |
|---|---|
| fixed length control field | 01218pam a2200337 a 4500 |
| 001 - CONTROL NUMBER | |
| control field | 1070448 |
| 003 - CONTROL NUMBER IDENTIFIER | |
| control field | OSt |
| 005 - DATE AND TIME OF LATEST TRANSACTION | |
| control field | 20140310184308.0 |
| 008 - FIXED-LENGTH DATA ELEMENTS--GENERAL INFORMATION | |
| fixed length control field | 910605r19921987nyua j 000 1 eng |
| 010 ## - LIBRARY OF CONGRESS CONTROL NUMBER | |
| LC control number | 91023135 |
| 020 ## - INTERNATIONAL STANDARD BOOK NUMBER | |
| International Standard Book Number | 9780590134910 |
| 040 ## - CATALOGING SOURCE | |
| Original cataloging agency | DLC |
| Transcribing agency | DLC |
| Modifying agency | DLC |
| 042 ## - AUTHENTICATION CODE | |
| Authentication code | lcac |
| 050 00 - LIBRARY OF CONGRESS CALL NUMBER | |
| Classification number | PZ 7 |
| Item number | .R982 2003 |
| 100 1# - MAIN ENTRY--PERSONAL NAME | |
| Personal name | Rylant, Cynthia. |
| 9 (RLIN) | 4596 |
| 245 10 - TITLE STATEMENT | |
| Title | Henry and Mudge under the yellow moon : |
| Remainder of title | the fourth book of their adventures / |
| Statement of responsibility, etc | story by Cynthia Rylant ; pictures by Sucie Stevenson. |
| 250 ## - EDITION STATEMENT | |
| Edition statement | 1st ed. |
| 260 ## - PUBLICATION, DISTRIBUTION, ETC. (IMPRINT) | |
| Place of publication, distribution, etc | New York : |
| Name of publisher, distributor, etc | Bradbury Press, |
| Date of publication, distribution, etc | ©2003. |
| 300 ## - PHYSICAL DESCRIPTION | |
| Extent | 48 p. : |
| Other physical details | col. ill. ; |
| Dimensions | 22 cm. |
| 520 ## - SUMMARY, ETC. | |
| Summary, etc | In the autumn Henry and his big dog Mudge watch the leaves turn, meet with some Halloween spooks, and share Thanksgiving dinner. |
| 521 ## - TARGET AUDIENCE NOTE | |
| Target audience note | |
| Source | Lexile |
| 526 ## - STUDY PROGRAM INFORMATION NOTE | |
| Reading level | 380 |
| 541 ## - IMMEDIATE SOURCE OF ACQUISITION NOTE | |
| -- | 1 |
| 562 ## - COPY AND VERSION IDENTIFICATION NOTE | |
| Number of copies | 1 |
| 650 #1 - SUBJECT ADDED ENTRY--TOPICAL TERM | |
| Topical term or geographic name as entry element | Dogs |
| General subdivision | Fiction. |
| 9 (RLIN) | 23210 |
| 650 #1 - SUBJECT ADDED ENTRY--TOPICAL TERM | |
| Topical term or geographic name as entry element | Autumn |
| General subdivision | Fiction. |
| 9 (RLIN) | 23211 |
| 700 1# - ADDED ENTRY--PERSONAL NAME | |
| Personal name | Stevenson, Su�cie, |
| Relator term | ill. |
| 9 (RLIN) | 23212 |
| 906 ## - LOCAL DATA ELEMENT F, LDF (RLIN) | |
| a | 7 |
| b | cbc |
| c | orignew |
| d | 1 |
| e | ocip |
| f | 19 |
| g | y-gencatlg |
| 942 ## - ADDED ENTRY ELEMENTS (KOHA) | |
| Source of classification or shelving scheme | Library of Congress Classification |
| Koha item type | |
| Withdrawn status | Lost status | Source of classification or shelving scheme | Damaged status | Home library | Current library | Shelving location | Date acquired | Total Checkouts | Full call number | Barcode | Date last seen | Copy number | Price effective from | Koha item type |
|---|---|---|---|---|---|---|---|---|---|---|---|---|---|---|
| Library of Congress Classification | Luxembourg Library | Luxembourg Library | Scholastic Reading Center Section | 10/03/2013 | PZ 7 .R982 2003 | LEX3043 | 04/18/2017 | 1 | 10/03/2013 | Books |